Dáždnik svätého Petra

Bibliographic Details
Main Author: Mikszáth, Kálmán, 1847-1910 (Author)
Other Authors: Albrecht, Július, 1911-1974 (Translator), Turczel, Lajos, 1917-2007 (Author of introduction, etc.)
Format: Book
Language:Slovak
Hungarian
PhysicalDescription:271, [3] s. 8°
Published: Bratislava SVKL 1960
Series:Malá svetová knižnica
Subjects:

MARC

LEADER 00000nam a2200000 a 4500
001 vtls008360983
003 SK-MaSNL
005 20260301123349.0
008 230403s1960 xo slo
015 |a SNBA1960/12-02059 
035 |a SK01SNK19600053200 
035 |a urn:nbn:sk:snk-amlmfk 
035 |a urn:nbn:sk:snk-am00byeo 
035 |a AF51BCFA-3E90-4853-AA95-60592CF3ECB6 
035 |a SKM000055663 
040 |a SNK  |b slo  |c SNK  |e AACR2 
041 1 |a slo  |h hun 
044 |a xo  |c SK 
080 |a 894.511-3  |2 1981 
100 1 |a Mikszáth, Kálmán,  |d 1847-1910  |4 aut  |9 89516 
245 1 0 |a Dáždnik svätého Petra  |c Kálmán Mikszáth ; z maď. orig. ... prel. Július Albrecht ; doslov nap. Ľudovít Turczel 
260 |a Bratislava  |b SVKL  |c 1960  |e Liptovský Mikuláš  |f Tlačiarne SNP 
300 |a 271, [3] s.  |c 8° 
490 1 |a Malá svetová knižnica  |v zv. 50 
500 |a Pozn. 
563 |a 15000 výtl. 
650 0 7 |a romány spoločenské maďarské  |2 SNK  |9 352705 
655 7 |a umelecká literatúra  |2 SNKPH  |9 60405 
700 1 |a Albrecht, Július,  |d 1911-1974  |4 trl  |9 42425 
700 1 |a Turczel, Lajos,  |d 1917-2007  |4 aui  |9 106991 
830 0 |a Malá svetová knižnica  |9 307721 
852 |a Slovenská národná knižnica 
954 |a beletria cudzojazyčná (svetová)  |2 lita 
958 |a OND 
958 |a TL 
958 |a RK 
958 |a UP 
958 |a LX 
958 |a HU 
958 |a EUIPO 
999 |c 735964  |d 737894 
952 |a SNK  |b SNK  |y PREZ  |7 0  |p 17A0683021  |o snkSD 19503  |i snkKSP 4475/60  |0 0  |1 0  |4 0  |d 2011-01-04  |f 1  |l 0  |r 2025-12-03 00:00:00  |w 2026-02-23